| 000 | 00727nam a2200193 i 4500 | ||
|---|---|---|---|
| 001 | 159977 | ||
| 003 | ES-MaACL | ||
| 005 | 20250618063030.0 | ||
| 008 | 940202s1856 sp d |||| | spa d | ||
| 040 |
_aAS _bspa |
||
| 080 | _a(038)=134.2'373.6 | ||
| 100 | 1 |
_aMonlau, Pedro Felipe, _d1808-1871 _982226 |
|
| 245 | 1 | 0 |
_aDiccionario etimológico de la lengua castellana _b: (ensayo) precedido de unos rudimentos de etimología / _cpor Pedro Felipe Monlau. |
| 260 |
_aMadrid : _b[s.n.], _c1856 ( _fImp. y Estereotipia de M. Rivadeneyra) |
||
| 300 |
_aIX, 554 p. ; _c20 cm. |
||
| 650 | 0 | 7 |
_aLengua española- _xEtimología- _vDiccionarios _2 _9162364 |
| 852 |
_aES-MaACL _jG-14252 _z- Enc. hol. |
||
| 999 |
_c159977 _d159977 |
||